| 000 | 00626nam a2200181 4500 | ||
|---|---|---|---|
| 001 | 136705 | ||
| 003 | ES-MaACL | ||
| 005 | 20230906195215.0 | ||
| 007 | t| | ||
| 008 | 070214s1980 sp r ||||1| spa d | ||
| 100 | 1 |
_aSala Seva, Federico. _9101676 |
|
| 245 | 1 | 0 |
_aAcontecimientos notables en la iglesia de San Nicolás de Alicante _b: 1245 a 1980 / _cFederico Sala Seva. |
| 260 |
_aAlicante : _bCaja de Ahorros Provincial, _c1980. |
||
| 300 |
_a344 p., 25 lám. : _bil. ; _c22 cm. |
||
| 710 | 2 |
_aCaja de Ahorros Provincial de Alicante. _92280 |
|
| 852 |
_aES-MaACL _jL-939 _bR.101615 |
||
| 852 |
_aES-MaACL _jL-439 _bR.101393 |
||
| 999 |
_c136705 _d136705 |
||